8 mots dans mots : Eta (mort subite) - Statistiques

Statistiques générales
  • Ce quiz a été pris 21 fois
  • Le résultat moyen est 3 sur 8
Answers on the Grid
Answers color-coded by a green-red scale on the quiz's grid according to % correct below.
antit---nique
préca---onner
d---pisser
électrom---nicien
d---iqueter
d---lonner
préca---onneuse
déprol---riser
d---rtonner
copropri---ire
récal---rante
ind---chetable
b--- - globuline
d---féiner
pr---riser
électrom---llurgiste
 
Statistiques - réponses
Réponse % Correct
antit---nique
63%
d---lonner
44%
d---pisser
44%
déprol---riser
31%
b--- - globuline
25%
copropri---ire
25%
d---iqueter
19%
électrom---llurgiste
13%
Aucun quiz correspondant
Distribution des résultats
% des personnes avec chaque résultat
Percentile par nombre de réponses
Votre historique - résultats
Vous n’avez pas pris ce quiz